00421nam a2200121Ia 4500008004100000082001900041100003600060245004800096260005100144300000800195630004800203730004800251100122s9999 xx 000 0 und d b56850a291.211 aहरकारे अरुण aकल्याणकारी गणेश bअनिकेत प्रकाशनc1999 a154 aकल्याणकारी गणेश aकल्याणकारी गणेश